Normal view MARC view
  • Scarth, Edward

Entry Personal Name

Number of records used in: 1

001 - CONTROL NUMBER

  • control field: 1341

003 - CONTROL NUMBER IDENTIFIER

  • control field: DLC

005 - DATE AND TIME OF LATEST TRANSACTION

  • control field: 20231211063708.0

008 - FIXED-LENGTH DATA ELEMENTS

  • fixed length control field: 110928n| azannaabn |n aaa

010 ## - LIBRARY OF CONGRESS CONTROL NUMBER

  • LC control number: n 2011183814

035 ## - SYSTEM CONTROL NUMBER

  • System control number: (DNLM)1510123

040 ## - CATALOGING SOURCE

  • Original cataloging agency: DNLM
  • Language of cataloging: eng
  • Description conventions: rda
  • Transcribing agency: DNLM
  • Modifying agency: DLC

100 1# - HEADING--PERSONAL NAME

  • Personal name: Scarth, Edward

370 ## - ASSOCIATED PLACE

  • Other associated place: Bristol, England
  • Source of information: Drugs in anaesthesia and intensive care, 2011

373 ## - ASSOCIATED GROUP

  • Associated group: Bristol School of Anaesthesia
  • Source of information: Drugs in anaesthesia and intensive care, 2011

375 ## - GENDER

  • Gender: male

670 ## - SOURCE DATA FOUND

  • Source citation: Drugs in anaesthesia and intensive care, 2011:
  • Information found: t.p. (Edward Scarth, speciality registrar in anaesthesia)